000 00493nam a2200181Ia 4500
005 20250508151646.0
008 008 250505s9999 xx 000 0 eng d
037 _aTextual
040 _aFEDL
_beng
_cFEDL
041 _aeng
_2eng
084 _a658, DRU
_qFEDL
100 _aDrucker Peter F
245 0 _aPractice of management
260 _aMelbourneAustralia
_b William Heinemann Ltd
_c1955
300 _aviii,355p
942 _cTEXL
_h658, DRU
999 _c1331211
_d1331211